Municipalities of Emilia-Romagna (with a map) - Statistics

General Stats
  • This quiz has been taken 1,186 times
  • The average score is 76 of 330
Answers on the Map
Answers color-coded by a green-red scale on the quiz's map according to % correct below.
 
Answer Stats
Comune % Correct
Bologna
98%
Modena
96%
Parma
96%
Ravenna
95%
Rimini
95%
Reggio nell'Emilia
94%
Cesena
93%
Piacenza
93%
Ferrara
92%
Forlì
92%
Imola
82%
Faenza
77%
Riccione
76%
Cesenatico
72%
Sassuolo
72%
Carpi
71%
Cervia
69%
Fidenza
66%
Casalecchio di Reno
64%
Comacchio
64%
Maranello
60%
Fiorenzuola d'Arda
58%
Forlimpopoli
58%
Lugo
57%
Argenta
56%
Predappio
56%
Cento
55%
Castel San Pietro Terme
53%
Mirandola
53%
Castelfranco Emilia
52%
Cattolica
52%
Budrio
50%
Correggio
49%
San Lazzaro di Savena
49%
Bobbio
48%
Guastalla
48%
Nonantola
48%
Crevalcore
47%
Finale Emilia
47%
Formigine
47%
Santarcangelo di Romagna
47%
Sasso Marconi
47%
Medicina
46%
Salsomaggiore Terme
46%
Fiorano Modenese
45%
Reggiolo
45%
Scandiano
45%
Zocca
45%
Bagno di Romagna
44%
San Giovanni in Persiceto
44%
Alfonsine
43%
Castelnovo ne' Monti
42%
Codigoro
42%
Ozzano dell'Emilia
42%
Rubiera
42%
Bagnacavallo
41%
Brisighella
41%
Pianoro
41%
Sestola
41%
Bellaria-Igea Marina
40%
Brescello
40%
Calderara di Reno
40%
Coriano
40%
Monghidoro
40%
Savignano sul Rubicone
40%
Anzola dell'Emilia
39%
Castenaso
39%
Colorno
39%
Sant'Agata Bolognese
39%
Novellara
38%
Verucchio
38%
Zola Predosa
38%
Collecchio
37%
San Polo d'Enza
36%
Vignola
36%
Bondeno
35%
Castel Bolognese
35%
Misano Adriatico
35%
Bertinoro
34%
Portomaggiore
34%
Caorso
33%
Castel San Giovanni
33%
San Benedetto Val di Sambro
32%
San Secondo Parmense
32%
Gatteo
31%
Riolo Terme
31%
Solarolo
31%
Medolla
30%
Meldola
30%
Busseto
29%
Castel Maggiore
29%
Cavriago
29%
Montecchio Emilia
29%
Russi
29%
Varano de' Melegari
29%
Castellarano
28%
Langhirano
27%
Pavullo nel Frignano
27%
Goro
26%
Luzzara
25%
Noceto
25%
Bentivoglio
24%
Bibbiano
24%
Cortemaggiore
24%
Campogalliano
23%
San Mauro Pascoli
23%
Valsamoggia
23%
Dozza
22%
Marzabotto
22%
Berceto
21%
Bettola
20%
Canossa
20%
Pieve di Cento
20%
Rolo
20%
Sant'Ilario d'Enza
20%
Borgo Val di Taro
19%
Copparo
19%
Granarolo dell'Emilia
19%
San Felice sul Panaro
19%
Bomporto
18%
Bore
18%
Fanano
18%
Fusignano
18%
Jolanda di Savoia
18%
Molinella
18%
Soliera
18%
Alto Reno Terme
17%
Conselice
17%
Felino
17%
Lizzano in Belvedere
17%
San Leo
17%
Traversetolo
17%
Vergato
17%
Bardi
16%
Baricella
16%
Casina
16%
Cotignola
16%
Fornovo di Taro
16%
Mesola
16%
Riva del Po
16%
Ventasso
16%
Vetto
16%
Villa Minozzo
16%
Albinea
15%
Bagnolo in Piano
15%
Boretto
15%
Cadelbosco di Sopra
15%
Campegine
15%
Casalgrande
15%
Cavezzo
15%
Frassinoro
15%
Gambettola
15%
Gualtieri
15%
Massa Lombarda
15%
Novafeltria
15%
Ostellato
15%
Sala Bolognese
15%
Spilamberto
15%
Baiso
14%
Camposanto
14%
Carpineti
14%
Castelvetro di Modena
14%
Fiumalbo
14%
Gaggio Montano
14%
Gattatico
14%
Lagosanto
14%
Mercato Saraceno
14%
Montefiorino
14%
Montese
14%
Poviglio
14%
Quattro Castella
14%
Santa Sofia
14%
Sarsina
14%
Serramazzoni
14%
Terre del Reno
14%
Viano
14%
Argelato
13%
Campagnola Emilia
13%
Casola Valsenio
13%
Castel d'Aiano
13%
Castel del Rio
13%
Castell'Arquato
13%
Castelnuovo Rangone
13%
Concordia sulla Secchia
13%
Fabbrico
13%
Fontanelice
13%
Fontanellato
13%
Guiglia
13%
Lama Mocogno
13%
Marano sul Panaro
13%
Masi Torello
13%
Novi di Modena
13%
Ottone
13%
Pennabilli
13%
Pievepelago
13%
Poggio Renatico
13%
San Martino in Rio
13%
San Pietro in Casale
13%
Toano
13%
Vezzano sul Crostolo
13%
Voghiera
13%
Alta Val Tidone
12%
Bagnara di Romagna
12%
Castel Guelfo di Bologna
12%
Castello d'Argile
12%
Castelnovo di Sotto
12%
Castiglione dei Pepoli
12%
Galliera
12%
Grizzana Morandi
12%
Montechiarugolo
12%
Monterenzio
12%
Mordano
12%
Palagano
12%
Riolunato
12%
Rio Saliceto
12%
San Cesario sul Panaro
12%
San Possidonio
12%
San Prospero
12%
Savignano sul Panaro
12%
Tresignana
12%
Verghereto
12%
Vigarano Mainarda
12%
Zerba
12%
Albareto
11%
Bastiglia
11%
Bedonia
11%
Camugnano
11%
Casteldelci
11%
Corniglio
11%
Ferriere
11%
Fiscaglia
11%
Monchio delle Corti
11%
Montecreto
11%
Monte San Pietro
11%
Palanzano
11%
Premilcuore
11%
Prignano sulla Secchia
11%
Ravarino
11%
Rottofreno
11%
Soragna
11%
Calestano
10%
Castel di Casio
10%
Castelvetro Piacentino
10%
Dovadola
10%
Malalbergo
10%
Minerbio
10%
Monzuno
10%
Neviano degli Arduini
10%
Polinago
10%
Sala Baganza
10%
San Giorgio di Piano
10%
Borgonovo Val Tidone
9%
Calendasco
9%
Castrocaro Terme e Terra del Sole
9%
Loiano
9%
Modigliana
9%
Pontenure
9%
Rivergaro
9%
San Giovanni in Marignano
9%
Sant'Agata Feltria
9%
Solignano
9%
Tizzano Val Parma
9%
Varsi
9%
Casalfiumanese
8%
Cerignale
8%
Compiano
8%
Fontevivo
8%
Montecopiolo
8%
Morciano di Romagna
8%
Rocca San Casciano
8%
Sant'Agata sul Santerno
8%
Sassofeltrio
8%
Sissa Trecasali
8%
Tredozio
8%
Agazzano
7%
Alseno
7%
Borghi
7%
Borgo Tossignano
7%
Carpaneto Piacentino
7%
Civitella di Romagna
7%
Farini
7%
Galeata
7%
Lesignano de' Bagni
7%
Longiano
7%
Medesano
7%
Pellegrino Parmense
7%
Podenzano
7%
Polesine Zibello
7%
Roncofreddo
7%
Sogliano al Rubicone
7%
Sorbolo Mezzani
7%
Tornolo
7%
Torrile
7%
Cadeo
6%
Gemmano
6%
Mondaino
6%
Montefiore Conca
6%
Montegridolfo
6%
Montescudo-Monte Colombo
6%
Montiano
6%
Monticelli d'Ongina
6%
Pianello Val Tidone
6%
Ponte dell'Olio
6%
Portico e San Benedetto
6%
Roccabianca
6%
Saludecio
6%
Vigolzone
6%
Corte Brugnatella
5%
Lugagnano Val d'Arda
5%
Maiolo
5%
Morfasso
5%
Poggio Torriana
5%
San Clemente
5%
Sarmato
5%
Terenzo
5%
Travo
5%
Valmozzola
5%
Vernasca
5%
Besenzone
4%
Coli
4%
Gazzola
4%
Gossolengo
4%
Gropparello
4%
San Giorgio Piacentino
4%
Talamello
4%
Ziano Piacentino
4%
Gragnano Trebbiense
3%
Piozzano
3%
San Pietro in Cerro
3%
Villanova sull'Arda
3%
No matching quizzes found
Score Distribution
Percent of People with Each Score
Percentile by Number Answered
Your Score History
You have not taken this quiz